Rusia en las tinieblas / (Record no. 140815)

MARC details
000 -LEADER
campo de control de longitud fija 00577nam a2200181 i 4500
001 - NÚMERO DE CONTROL
campo de control 140815
003 - IDENTIFICADOR DE NÚMERO DE CONTROL
campo de control ES-MaACL
005 - FECHA Y HORA DE LA ÚLTIMA TRANSACCIÓN
campo de control 20240516063053.0
007 - CAMPO FIJO DE DESCRIPCIÓN FÍSICA--INFORMACIÓN GENERAL
campo de control de longitud fija t|
008 - DATOS DE LONGITUD FIJA--INFORMACIÓN GENERAL
campo de control de longitud fija 070917s1920 sp ||||1| spa d
100 0# - ENTRADA PRINCIPAL--NOMBRE DE PERSONA
Nombre de persona Wells, H. G.,
Fechas asociadas al nombre 1866-1946
9 (RLIN) 116458
245 10 - MENCIÓN DEL TÍTULO
Título Rusia en las tinieblas /
Mención de responsabilidad, etc. H. G. Wells ; traducción del inglés por Ricardo Baeza.
260 ## - PUBLICACIÓN, DISTRIBUCIÓN, ETC.
Lugar de publicación, distribución, etc. Madrid :
Nombre del editor, distribuidor, etc. [s.n.],
Fecha de publicación, distribución, etc. 1920 (
Fabricante Sucesores de Rivadaneyra)
300 ## - DESCRIPCIÓN FÍSICA
Extensión 144 p. ;
Dimensiones 20 cm.
700 1# - ENTRADA AGREGADA--NOMBRE PERSONAL
Nombre de persona Baeza, Ricardo,
Fechas asociadas al nombre 1890-1956
9 (RLIN) 24620
852 ## - LOCALIZACIÓN
Ubicación ES-MaACL
Número de control de estantería F-5958
Holdings
Estatus retirado Estado de pérdida Estado de daño No para préstamo Biblioteca de origen Biblioteca actual Ubicación en estantería Fecha de adquisición Fuente de adquisición Total de préstamos Signatura topográfica completa Código de barras Visto por última vez Precio de reemplazo Tipo de ítem Koha
        Biblioteca del Ateneo de Madrid Biblioteca del Ateneo de Madrid Depósito 2 17/01/2008     F-5958 1146529 23/02/2023 23/02/2023 Libro impreso